000 nam a22 7a 4500
999 _c27364
_d27364
008 170208b xxu||||| |||| 00| 0 eng d
020 _a0014729908
050 _aN 5220 .G86 1983
100 _aGrey, Abby
245 _aThe Picture is the Window The Window is the Picture/
_cAbby Weed Grey
260 _aNew York:
_bNew York University Press,
_c1983.
300 _a299p.:
_bill.;
_c26cm.
942 _2lcc
_cBOOKS
_hN 5220 .G86 1983